MARC

LEADER 00000nam0a2200000 4500
001 148810
005 20231031145608.0
010 |a 5120021956 
020 |a RU  |b 92-2674 
035 |a (RuTPU)RU\TPU\book\161342 
090 |a 148810 
100 |a 20081209d1991 k y0rusy5003 ca 
101 0 |a rus 
102 |a RU 
105 |a a z 001zy 
200 1 |a Задачи теории упругости неоднородных тел  |f Я. М. Григоренко, А. Т. Василенко, Н. Д. Панкратова  |g Академия наук Украинской ССР (АН УССР), Институт механики 
210 |a Киев  |c Наук. думка  |d 1991 
215 |a 216 с.  |c ил.  |d 22 см 
320 |a Библиогр.: с. 210-214 (120 назв.). 
610 1 |a упругость 
610 1 |a неоднородные тела 
610 1 |a ортотропные цилиндры 
610 1 |a анизотропные цилиндры 
610 1 |a статика 
610 1 |a пологие оболочки 
675 |a 539.3  |z rus  |v 3 
700 1 |a Григоренко  |b Я. М.  |g Ярослав Михайлович  |4 070 
701 1 |a Василенко  |b А. Т.  |g Анатолий Тихонович 
701 1 |a Панкратова  |b Н. Д.  |g Наталья Дмитриевна 
712 0 2 |a Академия наук Украинской ССР (АН УССР)  |b Институт механики  |c (Киев)  |2 stltpush  |3 (RuTPU)RU\TPU\col\1205 
801 0 |a RU  |b RuMRKP  |c 19950417  |g psbo 
801 1 |a RU  |b 63413507  |c 20081209  |g PSBO 
801 2 |a RU  |b 63413507  |c 20140416  |g PSBO 
942 |c BK